Il ritratto di Dorian Gray

Guardado en:
Detalles Bibliográficos
Autor principal: Wilde Oscar
Formato: Libro
Lenguaje:lengua desconocida
Publicado: Sommacampagna (VR) Demetra 1993
Etiquetas: Agregar Etiqueta
Sin Etiquetas, Sea el primero en etiquetar este registro!

MARC

LEADER 00000nam a2200000Ia 4500
001 268
003 NUMERAZIONE-ORIGINALE-BRESCIA
005 20260206230751.0
008 260206s9999 xx 000 0 und d
100 |a Wilde Oscar 
245 0 |a Il ritratto di Dorian Gray 
260 |a Sommacampagna (VR) 
260 |b Demetra 
260 |c 1993 
500 |a Acquarelli 
942 |2 ddc  |c BK  |n 0 
952 |0 0  |1 0  |2 ddc  |4 0  |6 15  |7 0  |9 28466  |a BS  |b BS  |d 2026-02-06  |i 268  |l 0  |o 1-5-*  |r 2026-02-06 22:40:36  |w 2026-02-06  |x [REVISIONARE]  |y BK 
999 |c 24146  |d 24146